[Event "XXV Miedzynarodowy Festiwal Szachowy w Poznaniu - OPEN A"]
[Site "Poznan"]
[Date "2017.08.22"]
[Round "4.29"]
[White "Frackowiak, Andrzej"]
[Black "Nun, Grzegorz"]
[Result "0-1"]
[WhiteTitle ""]
[BlackTitle ""]
[WhiteElo "1611"]
[BlackElo "1829"]

1. d4 Nf6 2. Bf4 c5 3. e3 e6 4. Nf3 d6 5. c3 Nbd7 6. Nbd2 Be7 7. h3 O-O 8. Bd3
a6 9. O-O b5 10. Re1 Qc7 11. Bh2 Bb7 12. e4 e5 13. d5 c4 14. Bc2 Rfe8 15. Qe2
Bf8 16. Nh4 g6 17. g4 Nb6 18. Qf3 Bg7 19. Kh1 a5 20. Qg3 b4 21. Rg1 Kh8 22. Qe3
bxc3 23. Qxc3 Qc5 24. f3 Rec8 25. Rgf1 Qb5 26. Ng2 a4 27. Bg1 Nbxd5 28. exd5 Nxd5
29. Qa3 c3 30. Ne4 cxb2 31. Rab1 Rxc2 32. Nxd6 Qd7 33. Nxb7 Qxb7 34. Rf2 Rxf2
35. Bxf2 e4 36. fxe4 Nc3 37. Qxb2 Qxe4 38. Re1 Qd5 39. Qc2 Qxa2 40. Qxa2 Nxa2
41. Ne3 Nb4 42. Rb1 Nd3 43. Kg2 Nxf2 44. Kxf2 a3 45. Nc2 a2 46. Rd1 a1=Q 47. Nxa1
Bxa1 0-1

[Event "XXV Miedzynarodowy Festiwal Szachowy w Poznaniu - OPEN A"]
[Site "Poznan"]
[Date "2017.08.22"]
[Round "4.30"]
[White "Kaluzny, Stanislaw "]
[Black "Augustowski, Janusz"]
[Result "0-1"]
[WhiteTitle ""]
[BlackTitle ""]
[WhiteElo "1361"]
[BlackElo "1810"]

1. e4 c5 2. Nf3 Nc6 3. d4 cxd4 4. Nxd4 e5 5. Nb3 Nf6 6. Nc3 Bb4 7. Bd3 O-O 8. O-O
Bxc3 9. bxc3 d5 10. Qe2 dxe4 11. Bxe4 Nxe4 12. Qxe4 f5 13. Qc4+ Kh8 14. Nc5 Qf6
15. f4 e4 16. Be3 b6 17. Nb3 Bb7 18. Rad1 Rfd8 19. Nd4 Na5 20. Qb4 Rac8 21. Ne2
Ba6 22. Bd4 Qf7 23. Rd2 Bxe2 24. Rxe2 Nc6 25. Qa4 Nxd4 26. cxd4 Qc4 27. Qxc4 Rxc4
28. Rd1 Rcxd4 29. Rxd4 Rxd4 30. c3 Rd3 31. Rc2 Kg8 32. Kf2 Kf7 33. Ke2 Ke6 34.
c4 Kd6 35. g3 Kc5 36. Rc1 h5 37. Rc2 g6 38. Kf2 a6 39. Rc1 Rd2+ 40. Kg1 e3 41.
Re1 e2 42. Kf2 Rxa2 43. Rc1 Rb2 44. Ra1 a5 45. Rc1 Kd4 46. Kf3 Kd3 47. Kf2 Rd2
48. Ke1 Rd1+ 49. Rxd1+ exd1=Q+ 50. Kxd1 Kxc4 0-1

[Event "XXV Miedzynarodowy Festiwal Szachowy w Poznaniu - OPEN A"]
[Site "Poznan"]
[Date "2017.08.22"]
[Round "4.32"]
[White "Wasiak, Stanislaw"]
[Black "Korpalska, Joanna"]
[Result "0-1"]
[WhiteTitle ""]
[BlackTitle ""]
[WhiteElo "1551"]
[BlackElo "1733"]

1. c4 c5 2. Nc3 Nc6 3. Nf3 e6 4. g3 Nf6 5. Bg2 d5 6. cxd5 exd5 7. O-O d4 8. Nb5
Be7 9. e3 O-O 10. exd4 a6 11. Na3 Nxd4 12. Nxd4 Qxd4 13. Nc2 Qd3 14. Re1 Bg4 15.
f3 Be6 16. Re3 Qd7 17. f4 Rad8 18. h3 Rfe8 19. d3 Bxh3 20. Bxh3 Qxh3 21. Qf1 Qxf1+
22. Kxf1 Ng4 23. Re4 Rxd3 24. Ne1 Rxg3 25. Nc2 Nf6 26. Re3 Rxe3 27. Nxe3 Bd6 28.
Nc4 Bc7 29. Bd2 h5 30. Re1 Rxe1+ 31. Bxe1 Bxf4 32. Na5 b6 33. Nc4 b5 34. Na5 g5
35. Kg2 Kg7 36. b3 Kg6 37. Nb7 Ne4 38. Kf3 f5 39. Bf2 Nxf2 40. Kxf2 c4 41. Nd8
c3 42. Nc6 c2 0-1

[Event "XXV Miedzynarodowy Festiwal Szachowy w Poznaniu - OPEN A"]
[Site "Poznan"]
[Date "2017.08.22"]
[Round "4.33"]
[White "Mocny, Tomasz"]
[Black "Szafranski, Piotr"]
[Result "1-0"]
[WhiteTitle ""]
[BlackTitle ""]
[WhiteElo "1731"]
[BlackElo "1545"]

1. d4 Nf6 2. c4 g6 3. Nc3 d5 4. Nf3 Bg7 5. Bg5 Ne4 6. cxd5 Nxc3 7. bxc3 Qxd5 8.
g3 Qa5 9. Qc2 Bxd4 10. Bd2 Bg7 11. Bg2 c6 12. O-O O-O 13. c4 Qc7 14. c5 Bxa1 15.
Rxa1 e5 16. Rb1 Qe7 17. Bg5 f6 18. Bh6 Rd8 19. Nh4 Na6 20. Nxg6 hxg6 21. Qxg6+
Kh8 22. Be4 Nxc5 23. Bc2 e4 24. Rb4 Rg8 25. Qh5 Bg4 26. Qh4 Qe5 27. Be3+ Bh5 28.
Bd4 Qf5 29. Bxf6+ Kh7 30. Rxe4 Kh6 31. Rc4 Qd5 32. Rd4 Qxd4 33. Qxd4 Ne6 34. Qe3+
Ng5 35. h4 Bg6 36. Qxg5+ 1-0

[Event "XXV Miedzynarodowy Festiwal Szachowy w Poznaniu - OPEN A"]
[Site "Poznan"]
[Date "2017.08.22"]
[Round "4.34"]
[White "Tadych, Szymon "]
[Black "Litke, Slawomir"]
[Result "0-1"]
[WhiteTitle ""]
[BlackTitle ""]
[WhiteElo "1501"]
[BlackElo "1730"]

1. d4 d5 2. c4 Nc6 3. Nc3 dxc4 4. e3 Na5 5. Bxc4 Nxc4 6. Qa4+ c6 7. Qxc4 Nf6 8.
Nf3 Be6 9. Qa4 g6 10. O-O Bg7 11. Ng5 Bc8 12. b4 O-O 13. Qb3 Nd5 14. f4 h6 15.
Nf3 Be6 16. Nxd5 cxd5 17. a4 Rc8 18. Ba3 Rc4 19. Nd2 Rc8 20. Rac1 Qd7 21. b5 b6
22. Qb2 Bf6 23. Nb1 Rc4 24. Rxc4 dxc4 25. Nc3 Bf5 26. Na2 a5 27. Nc1 Rc8 28. Qc3
e6 29. Re1 Bh4 30. g3 Be7 31. Bxe7 Qxe7 32. e4 Bg4 33. Na2 f5 34. e5 Qb7 35. Kf2
Qd5 36. Nc1 Rd8 37. Ne2 Bxe2 38. Rxe2 Qxd4+ 39. Qxd4 Rxd4 40. Ke3 Rd3+ 41. Kf2
Ra3 42. Rd2 Rxa4 43. Rd6 c3 44. Ke2 Rb4 45. Rxb6 a4 46. Ra6 Rxb5 47. Rxa4 Rb2+
48. Kd3 Rxh2 49. Kxc3 Rh3 50. Kd3 Rxg3+ 51. Ke2 h5 52. Ra8+ Kg7 53. Ra6 h4 54.
Rxe6 h3 55. Re7+ Kf8 56. Rh7 Ra3 57. Kf2 Kg8 58. Rh4 Kg7 59. Kg1 Rg3+ 60. Kf2
Rg4 61. Rxg4 fxg4 62. Kg3 Kf7 63. Kh2 Ke6 64. Kg3 g5 65. fxg5 Kxe5 66. g6 Kf6
67. Kxg4 h2 68. g7 Kxg7 69. Kg3 h1=Q 0-1

[Event "XXV Miedzynarodowy Festiwal Szachowy w Poznaniu - OPEN A"]
[Site "Poznan"]
[Date "2017.08.22"]
[Round "4.35"]
[White "Stochnialek, Dominika"]
[Black "Szafranski, Maciej "]
[Result "1-0"]
[WhiteTitle ""]
[BlackTitle ""]
[WhiteElo "1719"]
[BlackElo "1439"]

1. e4 c5 2. Nf3 d6 3. d4 cxd4 4. Nxd4 Nf6 5. f3 e6 6. c4 Be7 7. Nc3 a6 8. Be3 O-O
9. Qd2 Qc7 10. Be2 Nc6 11. O-O Bd7 12. Rac1 Rac8 13. Rfd1 Rfd8 14. Nc2 Ne5 15.
b3 Bc6 16. Nb4 Be8 17. Nd3 Nxd3 18. Bxd3 Bc6 19. Qf2 Qb8 20. Ba7 Qa8 21. Bb6 Rd7
22. b4 d5 23. exd5 exd5 24. Bf5 Bxb4 25. Bxd7 Bxd7 26. Nxd5 Nxd5 27. cxd5 Bb5
28. Qd4 a5 29. d6 Ba4 30. d7 Rxc1 31. d8=Q+ Qxd8 32. Qxd8+ Bf8 33. Rxc1 g6 34.
Rc8 Be8 35. Qxe8 Kg7 36. Bd4+ Kh6 37. Qxf8+ Kh5 38. g4+ Kg5 39. Rc5+ f5 40. Be3+
Kh4 41. Qh6# 1-0

[Event "XXV Miedzynarodowy Festiwal Szachowy w Poznaniu - OPEN A"]
[Site "Poznan"]
[Date "2017.08.22"]
[Round "4.36"]
[White "Wojdak, Karol"]
[Black "Kupsik, Joanna "]
[Result "0-1"]
[WhiteTitle ""]
[BlackTitle ""]
[WhiteElo "1372"]
[BlackElo "1703"]

1. e4 c5 2. Nf3 e6 3. d4 cxd4 4. Nxd4 Nc6 5. Nc3 Qc7 6. Be3 a6 7. a3 Nf6 8. Qd2
Be7 9. Be2 b5 10. O-O Bb7 11. f3 O-O 12. Nxc6 Bxc6 13. Nd1 Rfd8 14. Nf2 Rac8 15.
c3 d5 16. exd5 Nxd5 17. Qc1 Nxe3 18. Qxe3 Bb7 19. Bd3 Bc5 20. Qe2 Qf4 21. Rfd1
Bd6 22. h3 Bc5 23. Re1 Rd7 24. Rad1 Rcd8 25. Rd2 h6 26. Kf1 Bd5 27. Rdd1 Bb3 28.
Bc2 Bxc2 29. Qxc2 Rd2 30. Rxd2 Rxd2 31. Nd3 Rxc2 32. Nxf4 Rf2+ 33. Kg1 Rxf3+ 34.
Kh2 Rxf4 35. Re2 Kf8 36. Rd2 Ke7 37. Kg3 g5 38. Kh2 h5 39. g3 Rf2+ 40. Rxf2 Bxf2
41. b3 Kd6 42. Kg2 Be1 43. c4 bxc4 44. bxc4 g4 45. a4 a5 0-1

[Event "XXV Miedzynarodowy Festiwal Szachowy w Poznaniu - OPEN A"]
[Site "Poznan"]
[Date "2017.08.22"]
[Round "4.37"]
[White "Janicki, Rafal "]
[Black "Kaluzny, Jan "]
[Result "1-0"]
[WhiteTitle ""]
[BlackTitle ""]
[WhiteElo "1692"]
[BlackElo "1350"]

1. e4 c5 2. Nf3 Nc6 3. d4 cxd4 4. Nxd4 Nf6 5. Nc3 d6 6. Be2 e6 7. Be3 Be7 8. f4
O-O 9. Qd2 a6 10. O-O-O e5 11. Nf3 Ng4 12. Bg1 exf4 13. Nd5 Be6 14. Bb6 Qd7 15.
Nxe7+ Qxe7 16. Qxf4 Nge5 17. Rd2 Bc4 18. b3 Bxe2 19. Rxe2 Ng6 20. Qd2 Rfe8 21.
Rd1 Qf6 22. Qxd6 Qa1+ 23. Kd2 Qxa2 24. Ke1 Qb2 25. g3 Qc3+ 26. Kf2 h6 27. Rd3
Qa1 28. Rd1 Qc3 29. Rd3 Qa1 30. Re1 Qb2 31. Rd2 Rac8 32. Ree2 Qc3 33. Rd3 Qa1
34. Rd1 Qb2 35. Rd3 Nce5 36. Nxe5 Nxe5 37. Rdd2 Qc3 38. Bd4 Qf3+ 39. Kg1 Rcd8
40. Qb6 Qh5 41. Bxe5 Rxd2 42. Rxd2 Qxe5 43. Qxb7 Qxe4 44. Qxe4 Rxe4 45. Kf2 Re6
46. Rd5 Kh7 47. c4 Kg6 48. b4 Kf6 49. Kf3 Rb6 50. b5 axb5 51. cxb5 Ke6 52. Ke4
f6 53. Rc5 g6 54. Kd4 Kd6 55. Kc4 Ke6 56. Kb4 Kd6 57. Rc2 f5 58. Ka5 Rb8 59. Rc6+
Kd5 60. Rxg6 Kc4 61. Rc6+ Kd5 62. Rxh6 Kc5 63. Rc6+ Kd5 64. Rc2 Ra8+ 65. Kb6 Rb8+
66. Ka6 Ra8+ 67. Kb7 Ra5 68. b6 Rb5 69. Kc7 1-0

[Event "XXV Miedzynarodowy Festiwal Szachowy w Poznaniu - OPEN A"]
[Site "Poznan"]
[Date "2017.08.22"]
[Round "4.38"]
[White "Purczynski, Andrzej"]
[Black "Czarnolewski, Piotr"]
[Result "0-1"]
[WhiteTitle ""]
[BlackTitle ""]
[WhiteElo "1243"]
[BlackElo "1677"]

1. b4 a5 2. b5 b6 3. Bb2 Bb7 4. Nf3 d6 5. e3 e5 6. c4 Nd7 7. Nc3 Ngf6 8. Be2 g6
9. O-O Bg7 10. d3 O-O 11. Qc2 Re8 12. e4 Nc5 13. Na4 Nfd7 14. Rad1 Nxa4 15. Qxa4
Nc5 16. Qc2 Ne6 17. Rfe1 Nf4 18. Bf1 Bc8 19. h3 Qf6 20. d4 Nxh3+ 21. Kh1 Bg4 22.
dxe5 dxe5 23. Rd3 Nf4 24. Rde3 Bxf3 25. Rxf3 Qh4+ 26. Kg1 Ne6 27. Rd1 Rad8 28.
Rh3 Qe7 29. Ba3 Nc5 30. Qe2 Rxd1 31. Bxc5 Rxf1+ 32. Kxf1 Qxc5 33. Qc2 Rd8 34.
Rd3 Rxd3 35. Qxd3 Qd4 36. Qc2 Bf8 37. f3 Bc5 0-1

[Event "XXV Miedzynarodowy Festiwal Szachowy w Poznaniu - OPEN A"]
[Site "Poznan"]
[Date "2017.08.22"]
[Round "4.39"]
[White "Nowak, Patrycja"]
[Black "Zurawski, Kamil"]
[Result "0-1"]
[WhiteTitle ""]
[BlackTitle ""]
[WhiteElo "1182"]
[BlackElo "1665"]

1. e4 e6 2. d4 d5 3. Bd3 Nf6 4. exd5 Nxd5 5. Ne2 Nc6 6. Nd2 Ndb4 7. Nf3 Be7 8.
O-O b6 9. Be3 Bb7 10. Ng3 Qd7 11. Bb5 f6 12. c3 Nd5 13. Qe2 g5 14. Nd2 O-O-O 15.
Rfe1 f5 16. Bxg5 Bxg5 17. Nf3 Nf4 18. Qc4 Bf6 19. Rad1 Qd5 20. Qxd5 Rxd5 21. Bc4
Rd6 22. Nf1 Na5 23. N1d2 Rg8 24. Re3 Nxg2 25. Bxe6+ Rxe6 26. Rxe6 Nf4+ 27. Kf1
Nxe6 0-1

[Event "XXV Miedzynarodowy Festiwal Szachowy w Poznaniu - OPEN A"]
[Site "Poznan"]
[Date "2017.08.22"]
[Round "4.40"]
[White "Hoffmann, Piotr"]
[Black "Lapinski, Jerzy"]
[Result "1-0"]
[WhiteTitle ""]
[BlackTitle ""]
[WhiteElo "1651"]
[BlackElo "1280"]

1. Nc3 d5 2. e4 d4 3. Nce2 e5 4. Ng3 Nf6 5. Nf3 Bd6 6. Bc4 O-O 7. O-O Bg4 8. d3
Nbd7 9. a3 c6 10. h3 Bxf3 11. Qxf3 Ne8 12. Nf5 Bc7 13. Qg3 Kh8 14. Bg5 Ndf6 15.
Qf3 Qd7 16. Qe2 Bd8 17. f4 Ng8 18. Bxd8 Rxd8 19. fxe5 Ne7 20. Nh4 Ng6 21. Nxg6+
hxg6 22. e6 Qe7 23. Rxf7 Rxf7 24. exf7 Nd6 25. Rf1 Nxc4 26. dxc4 Rf8 27. Qf3 Qc5
28. Qf2 b6 29. Qh4+ Qh5 30. Qxh5+ gxh5 31. e5 g6 32. e6 Kg7 33. e7 1-0

[Event "XXV Miedzynarodowy Festiwal Szachowy w Poznaniu - OPEN A"]
[Site "Poznan"]
[Date "2017.08.22"]
[Round "4.42"]
[White "Wolniaczyk, Daria"]
[Black "Zurawski, Mateusz"]
[Result "1-0"]
[WhiteTitle ""]
[BlackTitle ""]
[WhiteElo "1629"]
[BlackElo "1328"]

1. d4 f5 2. c4 Nf6 3. Nc3 g6 4. Bf4 Bg7 5. Nf3 O-O 6. e3 d6 7. Qb3 Qe8 8. c5+ Kh8
9. cxd6 cxd6 10. Bc4 Nc6 11. a4 Na5 12. Qb4 Nxc4 13. Qxc4 Bd7 14. O-O Rc8 15.
Qb3 b6 16. Ng5 Nh5 17. Bg3 Nxg3 18. hxg3 e5 19. dxe5 dxe5 20. Rfd1 h6 21. Nf3
Qe6 22. Qxe6 Bxe6 23. Rd6 Bf7 24. Rd7 a5 25. Rad1 e4 26. Nd4 Rcd8 27. Ndb5 Rxd7
28. Rxd7 Be8 29. Rd8 Bxb5 30. Rxf8+ Bxf8 31. Nxb5 Kg7 32. Kf1 Kf6 33. Ke2 Ke5
34. Nd4 Kd5 35. b3 Be7 36. Kd2 Bb4+ 37. Ke2 Be7 38. f3 Kc5 39. Kd2 Kd5 40. Nb5
Bd6 41. Nxd6 Kxd6 42. fxe4 fxe4 43. Kc3 Kc5 44. g4 g5 45. b4+ axb4+ 46. Kb3 Kc6
47. Kxb4 Kb7 48. Kb5 Kc7 49. Kc4 Kb7 50. Kd5 Ka6 51. Kxe4 Ka5 52. Kd4 Kxa4 53.
e4 b5 54. e5 b4 55. e6 b3 56. e7 b2 57. e8=Q+ Kb3 58. Qb5+ Ka2 59. Qa4+ Kb1 60.
Kc3 h5 61. Qc2+ 1-0

[Event "XXV Miedzynarodowy Festiwal Szachowy w Poznaniu - OPEN A"]
[Site "Poznan"]
[Date "2017.08.22"]
[Round "4.43"]
[White "Lisiak, Rafal"]
[Black "Grochowski, Michal "]
[Result "0-1"]
[WhiteTitle ""]
[BlackTitle ""]
[WhiteElo "1444"]
[BlackElo "1616"]

1. e4 c5 2. Nf3 d6 3. Bb5+ Bd7 4. Bxd7+ Qxd7 5. Nc3 Nf6 6. d4 cxd4 7. Nxd4 Nc6
8. Bg5 e6 9. Nxc6 bxc6 10. Qf3 Be7 11. O-O Rb8 12. Rab1 h6 13. Be3 e5 14. Rfd1
Qc7 15. Qg3 g5 16. Qf3 a5 17. Qe2 Qc8 18. Qc4 Rb4 19. Qd3 Ng4 20. a3 Nxe3 21.
Qxe3 Rb7 22. Ne2 Qb8 23. Qc3 O-O 24. Ng3 Rd8 25. Nf5 Bf8 26. Qxa5 d5 27. exd5
Rb5 28. Qa6 Rb6 29. Qa5 Rb5 30. Qc3 cxd5 31. b4 d4 32. Qd3 Qb7 33. Ng3 Rc8 34.
Rb3 Qc6 35. Rc1 Rb7 36. Qe4 Qxe4 37. Nxe4 Rbc7 38. Rb2 Kg7 39. Kf1 f5 40. Nd2
e4 41. Ke1 Bd6 42. Nb3 Bxh2 43. Nxd4 Be5 44. Ne6+ Kf7 45. Nxc7 Bxb2 46. Nb5 Bxc1
47. Nd6+ Ke6 48. Nxc8 Bxa3 49. b5 Bc5 50. b6 Kd7 51. Na7 Bxb6 52. Nb5 Kc6 53.
Na3 Kc5 54. Ke2 Ba5 55. Ke3 Bb4 56. Nb1 Kc4 57. g4 Bc5+ 58. Ke2 fxg4 59. Nd2+
Kd5 60. Nb3 Bd6 61. Kf1 h5 62. Kg2 h4 63. Nd2 h3+ 64. Kg1 g3 65. fxg3 Bxg3 66.
c4+ Kd4 67. c5 Bc7 68. c6 g4 69. Nf1 e3 0-1

[Event "XXV Miedzynarodowy Festiwal Szachowy w Poznaniu - OPEN A"]
[Site "Poznan"]
[Date "2017.08.22"]
[Round "4.44"]
[White "Polak, Karol "]
[Black "Nicikowski, Jozef"]
[Result "1-0"]
[WhiteTitle ""]
[BlackTitle ""]
[WhiteElo "1581"]
[BlackElo "1490"]

1. e4 d5 2. exd5 Nf6 3. Nc3 Nxd5 4. Nxd5 Qxd5 5. d4 Qe4+ 6. Be3 Bf5 7. c3 e6 8.
Nf3 Be7 9. Be2 O-O 10. O-O Nc6 11. Nd2 Qc2 12. Qxc2 Bxc2 13. Bf3 g5 14. Be4 Bxe4
15. Nxe4 h6 16. f4 f5 17. Nd2 g4 18. Nc4 b5 19. Ne5 Nxe5 20. dxe5 a5 21. Kf2 Rfd8
22. Rad1 a4 23. Rd4 c5 24. Rdd1 Kf7 25. Ke2 Rd5 26. Rxd5 exd5 27. h3 b4 28. cxb4
d4 29. Bd2 gxh3 30. gxh3 c4 31. a3 Rg8 32. Kf3 Ke6 33. Be1 Kd5 34. Bf2 d3 35.
Rg1 Rc8 36. Be1 Rc6 37. Rg7 Re6 38. Rf7 c3 39. Bxc3 Kc4 40. Rxf5 Kb3 41. Rf7 Kc2
42. Rg7 Bg5 43. fxg5 h5 44. h4 Rc6 45. Rd7 Rxc3 46. bxc3 d2 47. Rxd2+ Kxd2 48.
e6 Kxc3 49. e7 Kb3 50. e8=Q Kxa3 1-0

[Event "XXV Miedzynarodowy Festiwal Szachowy w Poznaniu - OPEN A"]
[Site "Poznan"]
[Date "2017.08.22"]
[Round "4.45"]
[White "Huchwajda, Grzegorz"]
[Black "Zielinski, Tomasz"]
[Result "1-0"]
[WhiteTitle ""]
[BlackTitle ""]
[WhiteElo "1566"]
[BlackElo "1215"]

1. e4 e6 2. d4 d5 3. exd5 exd5 4. Nf3 Nf6 5. Bd3 Bd6 6. O-O O-O 7. Bg5 Bg4 8. h3
Bh5 9. Re1 Nbd7 10. Nbd2 c6 11. c4 Qc7 12. Qc2 Bg6 13. c5 Bf4 14. Bxf4 Qxf4 15.
Re7 Rfe8 16. Rae1 Kf8 17. Rxe8+ Rxe8 18. Rxe8+ Kxe8 19. Bxg6 hxg6 20. b4 Ne4 21.
a4 Nxd2 22. Qxd2 Qxd2 23. Nxd2 Nf8 24. Kf1 Ne6 25. Nf3 Ke7 26. g3 Kf6 27. Ke2
Kf5 28. Ke3 g5 29. b5 f6 30. Ne1 Nd8 31. Nd3 Ne6 32. Nb4 Nd8 33. f3 g6 34. g4+
Ke6 35. f4 gxf4+ 36. Kxf4 g5+ 37. Kf3 Kf7 38. Ke3 Ke7 39. Kf3 Kf7 40. Kg3 Kg6
41. a5 Kg7 42. a6 bxa6 43. bxc6 Ne6 44. Nxa6 Nxd4 45. c7 1-0

[Event "XXV Miedzynarodowy Festiwal Szachowy w Poznaniu - OPEN A"]
[Site "Poznan"]
[Date "2017.08.22"]
[Round "4.46"]
[White "Zakrzewski, Bartosz"]
[Black "Dopierala, Adam"]
[Result "1/2-1/2"]
[WhiteTitle ""]
[BlackTitle ""]
[WhiteElo "1554"]
[BlackElo "1059"]

1. e4 e5 2. Nf3 Nc6 3. d4 exd4 4. Nxd4 Nxd4 5. Qxd4 d6 6. Nc3 Be6 7. Be3 Nf6 8.
f3 Be7 9. O-O-O c6 10. Bc4 O-O 11. Bxe6 fxe6 12. g4 e5 13. Qc4+ Kh8 14. h4 Ng8
15. Rdf1 Bxh4 16. Qe2 Bg5 17. Rh3 h6 18. Qd2 Bxe3 19. Qxe3 Qf6 20. g5 Qf4 21.
Kd2 Rad8 22. Qxf4 Rxf4 23. Ke3 d5 24. Rd1 d4+ 25. Kf2 Rdf8 26. Ne2 Rxe4 27. c3
c5 28. Ng3 Re3 29. Nf1 Re4 30. Ng3 Re3 31. Nf1 Re4 32. Ng3 Rg4 33. gxh6 Nxh6 34.
Ke2 Rg5 35. Ne4 Rg2+ 36. Kd3 Rxb2 37. Nxc5 Rxa2 38. Ne6 Re8 39. Ng5 Kg8 40. Ne4
Rd8 41. Rb1 b6 42. Rb5 Ra5 43. Rxa5 bxa5 44. Rh5 Nf7 45. Rh1 dxc3+ 46. Kxc3 Rb8
47. Ra1 Rb5 48. Kc4 Rb4+ 49. Kc3 g5 50. Rxa5 Rd4 51. Rxa7 g4 52. Nf6+ Kg7 53.
Nxg4 Rd5 54. Kc4 Rd4+ 55. Kc5 Rf4 56. Nxe5 Rf5 57. Rxf7+ Rxf7 58. Nxf7 Kxf7 59.
Kd5 Kf6 60. Ke4 Ke6 61. Kf4 Kf6 1/2-1/2

[Event "XXV Miedzynarodowy Festiwal Szachowy w Poznaniu - OPEN A"]
[Site "Poznan"]
[Date "2017.08.22"]
[Round "4.47"]
[White "Walkowski, Jonasz"]
[Black "Kabzinski, Jan "]
[Result "1/2-1/2"]
[WhiteTitle ""]
[BlackTitle ""]
[WhiteElo "1496"]
[BlackElo "1433"]

1. d4 f5 2. c4 Nf6 3. Nc3 g6 4. g3 Bg7 5. Bg2 d6 6. Nf3 O-O 7. O-O c6 8. Bf4 Nh5
9. Qd2 Nxf4 10. Qxf4 Qc7 11. c5 Na6 12. cxd6 Qxd6 13. Qxd6 exd6 14. e3 h6 15.
a3 Nc7 16. Rfd1 d5 17. b4 g5 18. Ne2 Bd7 19. Ne5 Be8 20. f4 Kh7 21. Kf2 Rf6 22.
Nc3 Rd8 23. Bf1 Rdd6 24. Bd3 Kg8 25. a4 Bf8 26. Rdb1 Na8 27. a5 a6 28. Na4 Rde6
29. Nc5 Re7 30. h4 g4 1/2-1/2

[Event "XXV Miedzynarodowy Festiwal Szachowy w Poznaniu - OPEN A"]
[Site "Poznan"]
[Date "2017.08.22"]
[Round "4.48"]
[White "Tomczak, Marta "]
[Black "Gajewski, Zbigniew "]
[Result "1-0"]
[WhiteTitle ""]
[BlackTitle ""]
[WhiteElo "1480"]
[BlackElo "1347"]

1. e4 g6 2. d4 Bg7 3. Nf3 d6 4. Bd3 Nf6 5. O-O O-O 6. Nc3 Nbd7 7. Be3 c6 8. h3
Ne8 9. Qd2 e5 10. dxe5 Nxe5 11. Nxe5 dxe5 12. Bc5 Be6 13. Bxf8 Bxf8 14. Rfd1 Qh4
15. Qe3 Bh6 16. Qf3 Ng7 17. Bf1 Rf8 18. g3 Qe7 19. Bg2 f5 20. Qd3 f4 21. g4 Bg5
22. Qd6 Qf6 23. Bf3 h5 24. Na4 Bh4 25. Rd2 Qg5 26. Nc5 Bc8 27. Kh2 hxg4 28. Bxg4
f3 29. Rg1 Qf4+ 30. Kh1 Rd8 31. Qxd8+ Bxd8 32. Rxd8+ Kh7 33. Bxc8 Qh4 34. Rd2
Nf5 35. Bxf5 gxf5 36. Rg3 fxe4 37. Rd7+ Kh6 38. Rdg7 e3 39. fxe3 f2 40. Kg2 Qc4
41. Nd3 Qxc2 42. Nxf2 Qxb2 43. R7g6+ Kh7 44. R6g4 1-0

[Event "XXV Miedzynarodowy Festiwal Szachowy w Poznaniu - OPEN A"]
[Site "Poznan"]
[Date "2017.08.22"]
[Round "4.50"]
[White "Piechocki, Bronislaw "]
[Black "Walaszyk, Zbigniew "]
[Result "1-0"]
[WhiteTitle ""]
[BlackTitle ""]
[WhiteElo "1435"]
[BlackElo "1344"]

1. Nf3 Nf6 2. g3 c6 3. Bg2 d5 4. O-O Qc7 5. d3 h6 6. c3 e5 7. Qc2 Bd6 8. c4 d4
9. Nfd2 O-O 10. Ne4 Nxe4 11. Bxe4 f5 12. Bg2 Na6 13. Nd2 f4 14. Ne4 Be7 15. Bd2
Bg4 16. Rae1 Rae8 17. a3 Rf5 18. b4 Ref8 19. h3 f3 20. hxg4 fxg2 21. gxf5 gxf1=Q+
22. Rxf1 Rxf5 23. Qb3 c5 24. Nxc5 Nxc5 25. bxc5 Bxc5 26. Bb4 b6 27. Bxc5 Qxc5
28. Qb4 Qc6 29. Qe7 Rh5 30. f3 Rg5 31. Kg2 Qg6 32. g4 a5 33. Rb1 Kh7 34. Qb7 Rxg4+
35. fxg4 Qxg4+ 36. Kf2 Qh4+ 37. Kg1 Qg3+ 38. Qg2 Qe3+ 39. Kh1 b5 40. Rg1 g5 41.
Qe4+ Qxe4+ 42. dxe4 bxc4 43. Rb1 c3 44. Rb5 Kg6 45. Kg2 h5 46. Kf2 h4 47. Rb1
g4 48. Kg2 Kg5 49. Rf1 g3 50. Kh3 g2 51. Kxg2 Kg4 52. Rf5 c2 53. Rf1 c1=Q 54.
Rxc1 Kf4 55. Rh1 Ke3 56. Kf1 Kxe4 57. Rxh4+ Kd5 58. Rh8 Kc5 59. Re8 a4 60. Rxe5+
Kc4 61. Rh5 Kb3 62. Rh3+ Kc2 1-0

[Event "XXV Miedzynarodowy Festiwal Szachowy w Poznaniu - OPEN A"]
[Site "Poznan"]
[Date "2017.08.22"]
[Round "4.51"]
[White "Geselle , Roman"]
[Black "Piasecki, Andrzej"]
[Result "1-0"]
[WhiteTitle ""]
[BlackTitle ""]
[WhiteElo "1429"]
[BlackElo "1300"]

1. d4 d5 2. c4 Nf6 3. Nf3 e6 4. Bg5 h6 5. Bh4 g5 6. Bg3 Ne4 7. a3 Nxg3 8. hxg3
Bg7 9. e3 g4 10. Ne5 Bxe5 11. dxe5 h5 12. Be2 f6 13. exf6 Qxf6 14. Nc3 c6 15.
Qd2 Na6 16. b4 Nc7 17. Rd1 Bd7 18. e4 d4 19. Qxd4 Qxd4 20. Rxd4 O-O-O 21. Na4
e5 22. Rd2 Ne6 23. f3 gxf3 24. gxf3 Nd4 25. Bd1 Ne6 26. Kf2 Ng5 1-0

[Event "XXV Miedzynarodowy Festiwal Szachowy w Poznaniu - OPEN A"]
[Site "Poznan"]
[Date "2017.08.23"]
[Round "5.1"]
[White "Tomczak, Jacek "]
[Black "Bajerlein, Dawid "]
[Result "1-0"]
[WhiteTitle ""]
[BlackTitle ""]
[WhiteElo "2598"]
[BlackElo "2037"]

1. e4 c6 2. Nc3 d5 3. Nf3 Bg4 4. h3 Bxf3 5. Qxf3 e6 6. d4 dxe4 7. Qxe4 Nf6 8. Qd3
Bd6 9. g3 Nbd7 10. Bg2 Qc7 11. Bg5 h6 12. Bd2 Rc8 13. O-O-O b5 14. Kb1 b4 15.
Ne4 Nxe4 16. Bxe4 Nf6 17. Bf3 Nd5 18. g4 Qa5 19. h4 Rb8 20. Ka1 Qb5 21. Qe4 Qa4
22. Rde1 Rb5 23. Be2 Ra5 24. Bc4 Kd7 25. Bb3 Qb5 26. Qf3 Rf8 27. g5 hxg5 28. hxg5
Ne7 29. Rxe6 fxe6 30. Qxf8 Qe2 31. Be3 Rf5 32. Qxg7 Bg3 33. Qh6 Nd5 34. Bxd5 cxd5
35. Qg7+ Kd6 36. Qxa7 Qb5 37. Qc5+ 1-0

[Event "XXV Miedzynarodowy Festiwal Szachowy w Poznaniu - OPEN A"]
[Site "Poznan"]
[Date "2017.08.23"]
[Round "5.2"]
[White "Motyl, Tomasz"]
[Black "Szelag, Marcin "]
[Result "0-1"]
[WhiteTitle ""]
[BlackTitle ""]
[WhiteElo "2027"]
[BlackElo "2456"]

1. e4 c5 2. c3 e6 3. d4 d5 4. exd5 exd5 5. Nf3 Nc6 6. Bb5 Bd6 7. dxc5 Bxc5 8. O-O
Nge7 9. Nbd2 O-O 10. Nb3 Bd6 11. Bd3 h6 12. h3 Nf5 13. Bc2 Re8 14. Qd3 Qf6 15.
Nbd4 g6 16. Bd2 Bd7 17. Rfe1 Nfxd4 18. Nxd4 Bc5 19. Be3 Ne5 20. Qd1 Nc4 21. Qc1
Nxe3 22. Rxe3 Bxd4 23. cxd4 Qxd4 24. Rd3 Qh4 25. Qd2 Bb5 26. Rd4 Qf6 27. Bb3 Re2
28. Qf4 Qxf4 29. Rxf4 Rd2 30. Rd1 Rxd1+ 31. Bxd1 Rd8 32. Rd4 Kf8 33. Bb3 Bc6 34.
f3 Ke7 35. Kf2 Kd6 36. Rf4 f5 37. Rh4 h5 38. g4 hxg4 39. hxg4 Kc5 40. gxf5 gxf5
41. Bc2 Bd7 42. b4+ Kd6 43. Ke3 Re8+ 44. Kf4 d4 45. Rh6+ Re6 46. Rh7 Re3 47. Rh6+
Re6 48. Rh7 Re3 49. Rh6+ Kc7 50. Bxf5 Bxf5 51. Kxf5 d3 52. Rh1 Kd6 53. Kf4 Re2
54. Rd1 d2 55. Kg3 Ke5 56. f4+ Ke4 57. f5 Ke3 58. f6 Rf2 0-1

[Event "XXV Miedzynarodowy Festiwal Szachowy w Poznaniu - OPEN A"]
[Site "Poznan"]
[Date "2017.08.23"]
[Round "5.3"]
[White "Urban, Klaudiusz "]
[Black "Kus, Aleksander"]
[Result "1-0"]
[WhiteTitle ""]
[BlackTitle ""]
[WhiteElo "2426"]
[BlackElo "2012"]

1. Nf3 Nf6 2. c4 g6 3. d4 Bg7 4. g3 O-O 5. Bg2 d6 6. Nc3 Nc6 7. O-O a6 8. d5 Na5
9. b3 Rb8 10. Bg5 c5 11. dxc6 Nxc6 12. Rc1 Bf5 13. Nh4 Bd7 14. Nd5 Nxd5 15. cxd5
Ne5 16. h3 h6 17. Bd2 g5 18. Nf3 Nxf3+ 19. exf3 Bf5 20. Re1 Qd7 21. f4 gxf4 22.
Bxf4 Rfe8 23. Qh5 Bg6 24. Qh4 h5 25. Bg5 e6 26. Bf6 Bxf6 27. Qxf6 Qe7 28. Qxe7
Rxe7 29. dxe6 fxe6 30. f4 Kf7 31. Kf2 Rd8 32. Red1 Rdd7 33. g4 hxg4 34. hxg4 d5
35. Ke3 Rc7 36. Kd4 Kf6 37. Bh3 Rxc1 38. Rxc1 Be8 39. g5+ Kf7 40. Ke5 Bc6 41.
Bg4 Kg6 42. Bxe6 Bd7 43. f5+ Kxg5 44. Rg1+ Kh6 45. Kd6 1-0

[Event "XXV Miedzynarodowy Festiwal Szachowy w Poznaniu - OPEN A"]
[Site "Poznan"]
[Date "2017.08.23"]
[Round "5.4"]
[White "Raczynski, Krzysztof "]
[Black "Sieciechowicz, Marcin"]
[Result "1/2-1/2"]
[WhiteTitle ""]
[BlackTitle ""]
[WhiteElo "2208"]
[BlackElo "2408"]

1. e4 e6 2. d4 d5 3. Nd2 c5 4. exd5 Qxd5 5. Ngf3 cxd4 6. Bc4 Qd6 7. O-O Nf6 8.
Nb3 Nc6 9. Nbxd4 Nxd4 10. Nxd4 Bd7 11. c3 Qc7 12. Qe2 O-O-O 13. h3 h5 14. a4 Bc5
15. Be3 Ng4 16. hxg4 hxg4 17. f4 gxf3 18. Qxf3 Qh2+ 19. Kf2 Qh4+ 20. Qg3 e5 21.
Qxh4 Rxh4 22. Bg5 exd4 23. Bxh4 dxc3+ 24. Kg3 Bd6+ 25. Kf3 Bc6+ 26. Ke2 Rh8 27.
Bf2 cxb2 28. Rab1 Be5 29. Bxa7 f6 30. Kd2 Bxg2 31. Bd3 Bxf1 32. Rxf1 Rh2+ 33.
Ke3 Rh3+ 34. Ke4 Rh4+ 35. Kd5 Rxa4 36. Bb6 Rb4 37. Bf5+ Kb8 38. Bc5 Rf4 39. Rxf4
Bxf4 40. Bg6 1/2-1/2